000
00273nam a2200109Ia 4500
008
190914s9999||||xx |||||||||||||| ||und||
100
_a
O,Brien,james A.
245
0
_a
Introducation to Information Systems
260
_a
New york
_b
Prentice
_c
2001
300
_a
144
942
_c
BK
999
_c
8702
_d
8702